European Cities With the Most Muslims, With a Map - Statistics

General Stats
  • This quiz has been taken 35 times
  • The average score is 31 of 47
Answers on the Map
Answers color-coded by a green-red scale on the quiz's map according to % correct below.
 
Answer Stats
Muslim Population City Country % Correct
1,300,000 London
100%
120,000 Manchester
100%
220,000 Paris
100%
140,000 Amsterdam
97%
160,000 Barcelona
97%
410,000 Berlin
97%
340,000 Birmingham
97%
190,000 Hamburg
97%
14,000,000 Istanbul
97%
100,000 Madrid
97%
120,000 Milan
97%
1,100,000 Moscow
97%
100,000 Munich
97%
100,000 Rome
97%
170,000 Stockholm
97%
210,000 Tirana
97%
200,000 Marseille
93%
250,000 Sarajevo
93%
160,000 Skopje
93%
300,000 Vienna
93%
110,000 Frankfurt
90%
100,000 Gothenburg
90%
130,000 Pristina
90%
130,000 Saint Petersburg
90%
300,000 Athens
86%
120,000 Cologne
83%
610,000 Ufa
76%
700,000 Kazan
72%
380,000 Grozny
62%
100,000 Leicester
52%
100,000 Bradford
48%
100,000 Perm
45%
180,000 Edirne
41%
520,000 Makhachkala
31%
180,000 Tekirdağ
28%
310,000 Çorlu
21%
120,000 Derbent
21%
170,000 Nalchik
21%
270,000 Naberezhnye Chelny
14%
120,000 Nazran
14%
120,000 Kaspiysk
10%
150,000 Khasavyurt
10%
130,000 Nizhnekamsk
10%
140,000 Çerkezköy
7%
130,000 Kapaklı
7%
120,000 Lüleburgaz
7%
110,000 Sterlitamak
7%
No matching quizzes found
Score Distribution
Percent of People with Each Score
Percentile by Number Answered
Your Score History
You have not taken this quiz